[Event "AZE-ch 72nd"]
[Site "Baku"]
[Date "2017.03.09"]
[Round "3"]
[White "Bayramov, Elvin Shamil Oglu"]
[Black "Abdulov, Orkhan Javanshir"]
[Result "0-1"]
[WhiteElo "2280"]
[BlackElo "2384"]
[PlyCount "76"]
[EventDate "2017.03.07"]
[EventType "swiss"]
[EventRounds "9"]
[EventCountry "AZE"]
[SourceTitle "CBM 177 Extra"]
[Source "ChessBase"]
[SourceDate "2017.04.27"]
[SourceVersion "1"]
[SourceVersionDate "2017.04.27"]
[SourceQuality "1"]

1. e4 e5 2. Nc3 Nf6 3. f4 d5 4. fxe5 Nxe4 5. Nf3 Be7 6. d3 Nxc3 7. bxc3 c5 8. d4 Nc6 9. Be2 0-0 10. 0-0 Bf5 11. Be3 Qa5 12. c4 cxd4 13. Nxd4 Be4 14. Rb1 dxc4 15. Nxc6 Bxc6 16. e6 Bc5 17. exf7+ Rxf7 18. Bxc4 Bxe3+ 19. Kh1 Raf8 20. Qe2 Qd2 21. Rxf7 Rxf7 22. Bxf7+ Kxf7 23. Rf1+ Kg8 24. Qg4 Qd7 25. Qc4+ Qd5 26. Qg4 h5 27. Qc8+ Kh7 28. Qh3 Bh6 29. Re1 Qxa2 30. Qd3+ g6 31. h3 Bg7 32. Kh2 Qd5 33. Qe2 a5 34. c4 Qd6+ 35. Kh1 Qg3 36. Rd1 Qxh3+ 37. Kg1 Qg4 38. Qd2 Bd4+ 0-1

[Event "Baku Jafarov Memorial"]
[Site "Baku"]
[Date "2017.01.10"]
[Round "9.2"]
[White "Bayramov, Elvin Shamil Oglu"]
[Black "Muradli, Mahammad"]
[Result "0-1"]
[WhiteElo "2319"]
[BlackElo "2257"]
[PlyCount "84"]
[EventDate "2017.01.04"]
[EventType "team-schev"]
[EventRounds "9"]
[EventCountry "AZE"]
[SourceTitle "CBM 176 Extra"]
[Source "ChessBase"]
[SourceDate "2017.03.02"]
[SourceVersion "1"]
[SourceVersionDate "2017.03.02"]
[SourceQuality "1"]
[WhiteTeam "Caspian"]
[BlackTeam "Young Stars"]
[WhiteTeamCountry "AZE"]
[BlackTeamCountry "AZE"]

1. e4 c5 2. c3 Nf6 3. e5 Nd5 4. Nf3 d6 5. exd6 e6 6. d4 cxd4 7. Bb5+ Bd7 8. Bxd7+ Nxd7 9. Qxd4 Qf6 10. Qa4 Bxd6 11. 0-0 N5b6 12. Qe4 Nc5 13. Qe2 Bf4 14. Qb5+ Nbd7 15. Bxf4 Qxf4 16. Rd1 a6 17. Qe2 Nf6 18. Na3 0-0 19. Rd4 Qc7 20. Rad1 Rad8 21. Nc4 Rxd4 22. Rxd4 Rd8 23. Qe5 Rxd4 24. Qxd4 b5 25. Nd6 Na4 26. g4 Nxb2 27. g5 Nd5 28. Nf5 Qxc3 29. Qa7 h6 30. N5d4 hxg5 31. Qb8+ Kh7 32. Nxg5+ Kg6 33. Ngf3 Qc1+ 34. Kg2 Nf4+ 35. Kg3 Nbd3 36. Ne5+ Nxe5 37. Qxe5 Qg1+ 38. Kf3 Qxf2+ 39. Kg4 Qg2+ 40. Kxf4 Qxh2+ 41. Ke4 f5+ 42. Nxf5 Qxe5+ 0-1

[Event "Baku Jafarov Memorial"]
[Site "Baku"]
[Date "2017.01.08"]
[Round "7.2"]
[White "Bayramov, Elvin Shamil Oglu"]
[Black "Karayev, Kanan"]
[Result "0-1"]
[WhiteElo "2319"]
[BlackElo "2257"]
[PlyCount "74"]
[EventDate "2017.01.04"]
[EventType "team-schev"]
[EventRounds "9"]
[EventCountry "AZE"]
[SourceTitle "CBM 176 Extra"]
[Source "ChessBase"]
[SourceDate "2017.03.02"]
[SourceVersion "1"]
[SourceVersionDate "2017.03.02"]
[SourceQuality "1"]
[WhiteTeam "Caspian"]
[BlackTeam "Balion"]
[WhiteTeamCountry "AZE"]
[BlackTeamCountry "AZE"]

1. e4 c5 2. Nf3 d6 3. Bb5+ Bd7 4. Bxd7+ Qxd7 5. 0-0 Nc6 6. Nc3 g6 7. Re1 Bg7 8. d3 e5 9. Nd5 Nge7 10. Bg5 Nxd5 11. exd5 Nb4 12. c3 Nxd5 13. d4 cxd4 14. cxd4 0-0 15. dxe5 dxe5 16. Qb3 Nf4 17. Nxe5 Qf5 18. Bxf4 Qxf4 19. Nf3 a5 20. a3 a4 21. Qxb7 Rfb8 22. Qd5 Bxb2 23. Ra2 Bf6 24. Rae2 Rd8 25. Qc6 Rac8 26. Qb7 Rc1 27. g3 Rxe1+ 28. Rxe1 Qc4 29. Kg2 Kg7 30. Re4 Qb3 31. Qc7 Rd1 32. Rf4 Qd3 33. g4 Qf1+ 34. Kg3 Rd3 35. Rxa4 Qg1+ 36. Kf4 Rxf3+ 37. Kxf3 Qd1+ 0-1

[Event "Baku Jafarov Memorial"]
[Site "Baku"]
[Date "2017.01.06"]
[Round "4.1"]
[White "Shahaliyev, Ismayil Bahram"]
[Black "Bayramov, Elvin Shamil Oglu"]
[Result "1-0"]
[WhiteElo "2377"]
[BlackElo "2319"]
[PlyCount "143"]
[EventDate "2017.01.04"]
[EventType "team-schev"]
[EventRounds "9"]
[EventCountry "AZE"]
[SourceTitle "CBM 176 Extra"]
[Source "ChessBase"]
[SourceDate "2017.03.02"]
[SourceVersion "1"]
[SourceVersionDate "2017.03.02"]
[SourceQuality "1"]
[WhiteTeam "Balion"]
[BlackTeam "Caspian"]
[WhiteTeamCountry "AZE"]
[BlackTeamCountry "AZE"]

1. e4 c5 2. Nf3 Nc6 3. Bb5 g6 4. Bxc6 dxc6 5. h3 Nf6 6. Nc3 Bg7 7. d3 0-0 8. Be3 b6 9. 0-0 Qc7 10. Qd2 Ba6 11. Bf4 Qd7 12. Bh6 Rfd8 13. Bxg7 Kxg7 14. Qe3 Qc7 15. a4 e5 16. b3 Nd7 17. Nh2 Bc8 18. a5 Rb8 19. f4 exf4 20. Rxf4 Ne5 21. Raf1 Be6 22. Rh4 h5 23. Qg5 Kf8 24. Ne2 Ke8 25. Nf4 Qd6 26. Nf3 Nxf3+ 27. Rxf3 Bc8 28. Qg3 Qe5 29. Nxh5 Qxg3 30. Nxg3 Ke7 31. axb6 axb6 32. Ne2 Be6 33. Nf4 Rh8 34. Rxh8 Rxh8 35. Kf2 Ra8 36. Ke3 Bd7 37. Ne2 Ra1 38. Rf2 Be6 39. Nc3 b5 40. e5 Bd5 41. d4 c4 42. Nxd5+ cxd5 43. bxc4 bxc4 44. Kd2 Rg1 45. Kc3 Rb1 46. Rf6 Re1 47. Rd6 Re3+ 48. Kb2 Rg3 49. Rxd5 Rxg2 50. Kc3 g5 51. Ra5 Rh2 52. Ra8 Rxh3+ 53. Kxc4 g4 54. Rg8 Rg3 55. d5 Rg1 56. Kc5 g3 57. d6+ Kd7 58. Rf8 Rc1 59. Rxf7+ Ke6 60. Re7+ Kf5 61. d7 Rxc2+ 62. Kb6 Rd2 63. Kc7 Rc2+ 64. Kb8 Rb2+ 65. Kc8 Rc2+ 66. Kd8 Kg6 67. Re8 g2 68. Ke7 Kf5 69. Rg8 Rc7 70. Rxg2 Kxe5 71. Rd2 Ra7 72. Ke8 1-0